Foreign Words Used in English - Statistics

General Stats
  • This quiz has been taken 25 times
  • The average score is 6 of 15
Answer Stats
Hint Answer % Correct
From French meaning have a nice trip. bon voyage
100%
From French meaning a social blunder. faux pas
81%
From Latin meaning method of operating. modus operandi
67%
From Latin meaning by the fact itself. ipso facto
48%
From Latin meaning something for something, usually an equal exchange. quid pro quo
48%
From the Latin meaning let the buyer beware. caveat emptor
38%
From Latin meaning an unacceptable person. persona non grata
38%
From Latin meaning done or donated without charge. pro bono
33%
From Latin meaning the existing condition. status quo
33%
From French meaning in a large group. en masse
29%
From Latin meaning to a sickening degree. ad nauseam
19%
From Latin meaning genuine. bona fide
19%
From French meaning unlimited authority. carte blanche
10%
From French meaning established fact. fait accompli
10%
From Latin meaning a temperamental and conceited person. prima donna
5%
No matching quizzes found
Score Distribution
Percent of People with Each Score
Percentile by Number Answered
Your Score History
You have not taken this quiz